College Football by the Numbers - Statistics

General Stats
  • This quiz has been taken 55 times
  • The average score is 7 of 8
Answer Stats
Hint Answer % Correct
Number of teams allowed in the playoffs 4
100%
The Power _ Conferences 5
98%
Number of teams listed in a coaches/AP poll 25
96%
The Group of _ Conferences 5
92%
In ____ Baker Mayfield set a QBR record with 198.9 2017
90%
Mack Brown ended his coaching career having _ Tie 1
88%
Lowest preseason ranking to ever win a playoff 5
88%
Keenan Reynolds set this record with most rushing touchdowns in a career 88
46%
No matching quizzes found
Score Distribution
Percent of People with Each Score
Percentile by Number Answered
Your Score History
You have not taken this quiz